000 00392nam a2200169Ia 4500
001 7461
003 IN-NITTTR
005 20251114233028.0
008 251113s9999||||xx |||||||||||||| ||eng||
040 _beng
040 _cIN-NITTTR
041 _aeng
082 _a371.3 F59A
100 _aFlanders, Ned A.
245 0 _aAnalysing Teaching Behavior. /
_cFlanders, Ned A.
942 _2ddc
_cBK
999 _c10099
_d10099